| 000 | 00649nam a2200205 a 4500 | ||
|---|---|---|---|
| 005 | 20140412111407.0 | ||
| 008 | 070717s19uu xx 00 eng d | ||
| 020 | _a0-375-80281-9 | ||
| 050 |
_aER _bTh36 2000 |
||
| 100 | _aBritt, Allcroft | ||
| 245 |
_aThomas' railway word book / _cBritt Allcroft. |
||
| 260 |
_aNew york : _bRandom house, _c2000. |
||
| 300 | _aunp. | ||
| 440 | _aThomas and friends | ||
| 500 | _a"based on the railway series by the Rev. W. Awdry" | ||
| 520 | _aThomas and his friends introduce words that pertain to the world of trains. | ||
| 650 | _aRailroad-- trains--fiction | ||
| 650 | _aVocabulary | ||
| 999 |
_c105577 _d105577 |
||